000 00393nam a2200133Ia 4500
005 20260326235448.0
008 260326s9999||||xx |||||||||||||| ||und||
100 _aMalnar, Joy Monice
245 4 _aThe Interior Dimension :
_b A theoretical approach to enclosed Space /
_cJoy Monice Malnar
260 _bVan Nostrand Reinhold
300 _a365 p.
650 _aARQUITECTURA INTERIOR
942 _cBK
999 _c7660
_d7660